书目信息 |
| 题名: |
新编国家税收
|
|
| 作者: | 胡怡建 编 | |
| 分册: | ||
| 出版信息: | 上海 同济大学出版社 1995.06 |
|
| 页数: | 316页 | |
| 开本: | 32开 | |
| 丛书名: | ||
| 单 册: | ||
| 中图分类: | F812.42 | |
| 科图分类: | ||
| 主题词: | 财政 | |
| 电子资源: | ||
| ISBN: | 7-5608-1454-9 | |
| 000 | 00543nam0 2200193 45 | |
| 001 | 0009151137 | |
| 005 | 20000915112817.0 | |
| 010 | @a7-5608-1454-9@d12.00元 | |
| 100 | @a20000915d1995 km y0chiy0120 ea | |
| 101 | 0 | @achi |
| 105 | @a z 000yy | |
| 200 | 1 | @a新编国家税收@AXin Bian Guo Jia Shui Shou@f胡怡建等编@FHu Yi Jian Deng Bian |
| 210 | @a上海@c同济大学出版社@d1995.06 | |
| 215 | @a316页@d32开 | |
| 606 | 0 | @a财政 |
| 690 | @aF812.42@v3 | |
| 701 | 0 | @a胡怡建@4编 |
| 801 | @aCN@bPftUser@c20000915 | |
| 905 | @b143918-922@dF812.42@eH361@f5 | |
| 新编国家税收/胡怡建等编.-上海:同济大学出版社,1995.06 |
| 316页;32开 |
| ISBN 7-5608-1454-9:12.00元 |
| ● |
| 相关链接 |
|
|
|
正题名:新编国家税收
索取号:F812.42/H361
 
预约/预借
| 序号 | 登录号 | 条形码 | 馆藏地/架位号 | 状态 | 备注 |
| 1 | 143918 | 201439185 | 社科库409/422社科库 34排2列1层/ [索取号:F812.42/H361] | 在馆 | |
| 2 | 143919 | 201439194 | 社科库409/409社科库 49排7列3层/ [索取号:F812.42/H361] | 在馆 | |
| 3 | 143920 | 201439201 | 社科库409/422社科库 34排2列1层/ [索取号:F812.42/H361] | 在馆 | |
| 4 | 143921 | 201439210 | 社科库409/422社科库 34排2列1层/ [索取号:F812.42/H361] | 在馆 | |
| 5 | 143922 | 201439229 | 社科库409/409社科库 49排7列3层/ [索取号:F812.42/H361] | 在馆 |